City by Fortification - Statistics

General Stats
  • This quiz has been taken 12 times
  • The average score is 4 of 16
Answer Stats
Picture Answer % Correct
Edinburgh
83%
Prague
67%
Agra
42%
Jerusalem
42%
Aleppo
33%
Valletta
25%
Himeji
17%
Quebec City
17%
San Juan
17%
Alexandria
8%
Bukhara
8%
Derbent
8%
Brisbane
0%
Cape Town
0%
Manila
0%
Marseille
0%
No matching quizzes found
Score Distribution
Percent of People with Each Score
Percentile by Number Answered
Your Score History
You have not taken this quiz